| 000 | 00565nam a22001937a 4500 | ||
|---|---|---|---|
| 003 | KOHA_MİRAKIL | ||
| 005 | 20250407171323.0 | ||
| 008 | 250407b tu ||||| |||| 00| 0 tur d | ||
| 020 | _a9786051145266 | ||
| 040 |
_aTR-AnABB _btur _cTR-AnABB |
||
| 041 | _atur | ||
| 082 |
_a956.101543092 _bRAG 2011 |
||
| 100 | 1 | _aRagıb, Serezli Mehmed, | |
| 245 | 1 | 0 |
_aRus ve İngilizlere karşı / _cSerezli Mehmed Ragıb |
| 260 |
_aİstanbul : _bTimaş Yayınları, _c2011 |
||
| 300 |
_a213 sayfa ; _c21 cm |
||
| 650 | 0 | 4 | _aTarih, Osmanlı tarihi |
| 942 |
_2ddc _cBK |
||
| 999 |
_c8602 _d8602 |
||
| 900 | _bGizem YORULMAZ | ||